00528 2200217 4500001002100000005001700021008004100038020001800079035002400097082000800121090001500129100001200144245002900156250001100185260004200196300001900238650002000257850001200277985000600289999001500295YOGYA-0209000005317620090227033123.0 ind  a979-605-174-5 0010-020900000053176 a813 a813bMir T aMIRA, W aTrauma Masa LalucMira W aCet. 3 aJakartabGramedia Pustaka Utamac1995 a373 hlmc18 cm aFiksi Indonesia aYOPDYOG a1 a03P0003741